Farm rent reviews (Record no. 114957)

MARC details
000 -LEADER
fixed length control field 01035cad a22002055a 4500
001 - CONTROL NUMBER
control field L157766
008 - FIXED-LENGTH DATA ELEMENTS--GENERAL INFORMATION
fixed length control field 130502s2013 xxk f 000 0 eng d
035 ## - SYSTEM CONTROL NUMBER
System control number (Sirsi) u157766
041 0# - LANGUAGE CODE
Language code of text/sound track or separate title eng
110 2# - MAIN ENTRY--CORPORATE NAME
Corporate name or jurisdiction name as entry element The Tenant Farming Forum
9 (RLIN) 6129
245 00 - TITLE STATEMENT
Title Farm rent reviews
Remainder of title Introduction and good practice
Medium [electronic resource]
260 ## - PUBLICATION, DISTRIBUTION, ETC.
Place of publication, distribution, etc. Edinburgh
Name of publisher, distributor, etc. TFF
Date of publication, distribution, etc. 2013
520 ## - SUMMARY, ETC.
Summary, etc. First in a series of documents designed to facilitate good working relationships between landowners and tenants in Scotland. This brief guide is intended to be issued as an accompanying document to be included with a formal rent review notice and is a brief factual statement of what is considered as good practice in farm rent reviews.
590 ## - LOCAL NOTE (RLIN)
Local note KA
651 #4 - SUBJECT ADDED ENTRY--GEOGRAPHIC NAME
Geographic name Scotland
690 ## - LOCAL SUBJECT ADDED ENTRY--TOPICAL TERM (OCLC, RLIN)
Topical term or geographic name as entry element Landlord and tenant
9 (RLIN) 6252
690 ## - LOCAL SUBJECT ADDED ENTRY--TOPICAL TERM (OCLC, RLIN)
Topical term or geographic name as entry element Rural
9 (RLIN) 6268
856 40 - ELECTRONIC LOCATION AND ACCESS
Uniform Resource Identifier <a href="https://www.rics.org/Global/Downloads/The%20Tenant%20Farming%20Forum%20-%20Guide%20to%20Good%20Practice%20(SYREV230413)%20010513.pdf">https://www.rics.org/Global/Downloads/The%20Tenant%20Farming%20Forum%20-%20Guide%20to%20Good%20Practice%20(SYREV230413)%20010513.pdf</a>
Public note View the item free of charge at www.rics.org
942 ## - ADDED ENTRY ELEMENTS (KOHA)
Suppress in OPAC 0
Holdings
Withdrawn status Lost status Source of classification or shelving scheme Damaged status Not for loan Home library Current library Shelving location Date acquired Total Checkouts Full call number Barcode Date last seen Copy number Price effective from Koha item type
    Dewey Decimal Classification     London London Online 02/05/2013   ONLINE PUBLICATION 157766-1001 06/08/2019 1 06/08/2019 Book